Phát triển Web cho Smartphone : Phát triển ứng dụng cho iPhone, Android, Palm Pre, BlackBerry, Windows mobile và Nokia S60 nhờ Ajax, JavaScript, CSS và HTML = Beginning smartphone web development : Building JavaScript, CSS, HTML and Ajax-based applications for iPhone, Android, Palm Pre, Blackberry, Windows Mobile and Nokia S60

Nội dung sách giới thiệu về cú pháp, ngữ nghĩa và hệ sinh thái của Web trên di động. Hướng dẫn cách xây dựng những trang Web trên di động có khả năng thích ứng, hồi đáp và đạt các tiêu chuẩn giúp trang Web chạy được trên mọi trình duyệt di...

पूर्ण विवरण

में बचाया:
ग्रंथसूची विवरण
मुख्य लेखक: Frederick, Gail Rahn
स्वरूप: पुस्तक
भाषा:Undetermined
प्रकाशित: Hà Nội Bách khoa Hà Nội 2016
विषय:
टैग : टैग जोड़ें
कोई टैग नहीं, इस रिकॉर्ड को टैग करने वाले पहले व्यक्ति बनें!
Thư viện lưu trữ: Trung tâm Học liệu Trường Đại học Cần Thơ
LEADER 01389nam a2200217Ia 4500
001 CTU_231093
008 210402s9999 xx 000 0 und d
020 |c 155000 
082 |a 621.38456 
082 |b F852 
100 |a Frederick, Gail Rahn 
245 0 |a Phát triển Web cho Smartphone : 
245 0 |b Phát triển ứng dụng cho iPhone, Android, Palm Pre, BlackBerry, Windows mobile và Nokia S60 nhờ Ajax, JavaScript, CSS và HTML = Beginning smartphone web development : Building JavaScript, CSS, HTML and Ajax-based applications for iPhone, Android, Palm Pre, Blackberry, Windows Mobile and Nokia S60 
245 0 |c Gail Rahn Frederick, Rajesh Lal ; Trường Đại học FPT (dịch thuật) 
260 |a Hà Nội 
260 |b Bách khoa Hà Nội 
260 |c 2016 
520 |a Nội dung sách giới thiệu về cú pháp, ngữ nghĩa và hệ sinh thái của Web trên di động. Hướng dẫn cách xây dựng những trang Web trên di động có khả năng thích ứng, hồi đáp và đạt các tiêu chuẩn giúp trang Web chạy được trên mọi trình duyệt di động... 
650 |a Điện thoại thông minh,Smartphones,Phát triển Web,Web site development 
910 |b dqhieu 
980 |a Trung tâm Học liệu Trường Đại học Cần Thơ